| 000 | 00635cam a2200217 04500 | ||
|---|---|---|---|
| 001 | 46164 | ||
| 021 | _b10751/85 | ||
| 090 | _a46164 | ||
| 100 | _a19870701d1987 m y0pory5003 ba | ||
| 101 | 0 | _apor | |
| 102 | _aPT | ||
| 200 | 1 |
_aRaiz comovida _etrilogia romanesca _fCristóvão de Aguiar |
|
| 205 | _a2.ª ed. rev. e remod. | ||
| 210 | 9 |
_aLisboa _cCaminho, _dcop. 1987 |
|
| 215 |
_a491 p. _d21 cm |
||
| 225 | 2 | _aO campo da palavra | |
| 327 | 1 | _aContém : A semente e a seiva, Vindima de fogo e O fruto e o sonho | |
| 675 |
_a821.134.3-31"19/20" _vBN _zpor |
||
| 700 | 1 |
_aAguiar, _bCristóvão de, _f1940-2021 |
|
| 801 | 0 |
_aPT _bBN _gRPC |
|
| 990 | _cLIVROS | ||